Engineering electromagnetics, 7 /e (Record no. 293069)
[ view plain ]
| 000 -LEADER | |
|---|---|
| fixed length control field | 00393 a2200157 4500 |
| 001 - CONTROL NUMBER | |
| control field | 57996 |
| 082 ## - DEWEY DECIMAL CLASSIFICATION NUMBER | |
| Classification number | 621.3 HAY |
| 090 ## - LOCALLY ASSIGNED LC-TYPE CALL NUMBER (OCLC); LOCAL CALL NUMBER (RLIN) | |
| -- | 35511 |
| -- | 35511 |
| 100 ## - MAIN ENTRY--PERSONAL NAME | |
| Personal name | Hayt, W H |
| -- | John A Buck |
| 245 ## - TITLE STATEMENT | |
| Title | Engineering electromagnetics, 7 /e |
| 250 ## - EDITION STATEMENT | |
| Edition statement | 7 |
| 260 ## - PUBLICATION, DISTRIBUTION, ETC. | |
| Place of publication, distribution, etc. | New Delhi |
| Name of publisher, distributor, etc. | Tata McGraw-Hill Pub Company Ltd |
| Date of publication, distribution, etc. | 2006 |
| 300 ## - PHYSICAL DESCRIPTION | |
| Accompanying material | with CD |
| 500 ## - GENERAL NOTE | |
| General note | BE Avionics textbook |
| 505 ## - FORMATTED CONTENTS NOTE | |
| Formatted contents note | CD/DVD |
| 942 ## - ADDED ENTRY ELEMENTS (KOHA) | |
| Institution code [OBSOLETE] | NUST-CAE |
| Call number prefix | 621.3 HAY |
| Withdrawn status | Lost status | Damaged status | Not for loan | Collection code | Permanent Location | Current Location | Date acquired | Total Checkouts | Full call number | Barcode | Date last seen | Price effective from | Koha item type |
|---|---|---|---|---|---|---|---|---|---|---|---|---|---|
| College of Aeronautical Engineering (CAE) | College of Aeronautical Engineering (CAE) | 04/03/2017 | 621.3 HAY | CAE80393 | 04/05/2017 | 04/05/2017 | Book |
